Organizácia a riadenie výroby v poľnohospodárstve cvičenia

Salvato in:
Dettagli Bibliografici
Autore principale: Fišera, Štefan
Ente Autore: Vysoká škola ekonomická v Bratislave. Fakulta ekonomiky a riadenia výrobných odvetví
Altri autori: Pósa, Ľudovít
Natura: Libro
Lingua:slovacco
Pubblicazione: Bratislava Vysoká škola ekonomická 1986
Tags: Aggiungi Tag
Nessun Tag, puoi essere il primo ad aggiungerne!!

MARC

LEADER 00000nam a2200000 4500
001 c105728
005 20190107134601.4
041 0 |a slo 
044 |a SK 
245 1 0 |a Organizácia a riadenie výroby v poľnohospodárstve  |b cvičenia  |c Štefan Fišera, Ľudovít Pósa 
264 1 |a Bratislava  |b Vysoká škola ekonomická  |c 1986 
300 |a 89 s. 
100 1 |a Fišera, Štefan 
700 1 |a Pósa, Ľudovít 
710 2 |a Vysoká škola ekonomická v Bratislave. Fakulta ekonomiky a riadenia výrobných odvetví